|
|
|
|
| LEADER |
00000cam a2200000 7i4500 |
| 001 |
0000003360 |
| 005 |
20210503093000.0 |
| 008 |
021118n |
| 020 |
|
|
|a 9971988127
|
| 090 |
0 |
0 |
|a HN700.6.A8
|b M3429
|
| 245 |
0 |
0 |
|a Malaysian world-view
|c edited by Mohd. Taib Osman
|
| 260 |
2 |
|
|a Singapore :
|b Institute of Southeast Asian Studies ,
|c 1985
|
| 300 |
|
|
|a 284 p. ; ;
|c 23 cm.
|
| 504 |
|
|
|a Includes bibliographies
|
| 650 |
|
0 |
|a Islam
|z Malaysia
|
| 651 |
|
0 |
|a Malaysia
|x Social life and customs
|
| 700 |
0 |
|
|a Mohd Taib Osman ,
|d 1934- ,
|e author
|
| 999 |
|
|
|a 1000023225
|b Book
|c OPEN SHELF (30 DAYS)
|e Gong Badak Campus
|